| 000 | 00404nam a22001337a 4500 | ||
|---|---|---|---|
| 020 | _a9787549550159 | ||
| 082 |
_a895.14 _bLON |
||
| 100 | _aLong, Yingtai | ||
| 245 |
_aTake your Time, Child ( Chinese Edition ) / _cYingtai Long |
||
| 260 |
_bGuangxi Normal University Press, _c2014. |
||
| 300 |
_a151 p. ; _c23 cm. |
||
| 880 |
_6245-02\r _a孩子,你慢慢来(彩插新版) / |
||
| 942 |
_2ddc _cBK |
||
| 999 |
_c591713 _d591713 |
||